000 00458 a2200157 4500
999 _c8332
_d8332
020 _a9780415494816
050 _aLC5215 JAR 2010
100 _aJarvis, Peter
_eautor
245 _aAdult education and lifelong learning;
_bTheory and practise/
250 _a4th ed.
264 _aNew York:
_bRoutledge;
_c2010
300 _axiv,338p.;
500 _aInclude bibliography and index
650 _aDevelopments in learning theory
942 _2lcc
_cBK
_h5215
_iJAR
_kLC